000
00297nam a2200133Ia 4500
008
240624s9999 xx 000 0 und d
041
_a
eng
082
_a
823 ALL
100
_a
ALLEN WOODY
245
_a
SIDE EFFECTS
260
_c
1980
_a
New York,1980
300
_a
213p. : cm. ; 20
365
_c
RS
999
_c
21602
_d
21602